00926nam a22002657a 450000500170000001000130001702000220003003500130005203700160006504000120008108200170009310000270011024501260013726000350026327000460029830000280034450000200037265000190039265000200041170000320043170000280046394200260049199900190051795201240053620170124110050.0 aA-905313 c00.00a8174390138 aA-905313 bCen Lib/Ret aDPLbEN a796.092bJAC aJacobs, Tomothy925166 a100 athletes :cby Jacobs, Tomothy [and] Mark Raymond Aston; illuustrated by Vadim Vahrameevbwho shaped sports history / aNew DelhibGemini Books c1997 aC-4/11, Malviya Nagar bNew Delhie110017 a112p. :c23cm(Hb)bill. aIncludes index. aSports 925167 aAthletes925168 aAston, Mark Raymond 925169 aVahrameev, Vadim925170 2ddccENh796.092mJAC c129031d129031 00104070aLbLd2015-07-04eCen Lib/Retg0.00l0o796.092 JACpA-905313r2015-07-04 00:00:00t1v0.00w2015-07-04yEN